Empleo, crecimiento y equidad: los retos de las reformas económicas de finales del siglo XX en Costa Rica. I parte: Reformas económicas y sociales /

Gespeichert in:
Bibliographische Detailangaben
1. Verfasser: Ulate Quirós, Anabelle
Format: Unbekannt
Veröffentlicht: San José: Editorial de la Universidad de Costa Rica
Schlagworte:
Tags: Tag hinzufügen
Keine Tags, Fügen Sie den ersten Tag hinzu!

MARC

LEADER 00000 a2200000 04500
001 18792
003
008 991231s d
040
090 |a 144402  
100 |a Ulate Quirós, Anabelle  
245 |a Empleo, crecimiento y equidad: los retos de las reformas económicas de finales del siglo XX en Costa Rica. I parte: Reformas económicas y sociales /  |c Anabelle Ulate Quirós  
260 |a San José:   |b Editorial de la Universidad de Costa Rica  
300 |a 559 p.  
650 |a REFORMA ECONOMICA  
650 |a AJUSTE ESTRUCTURAL  
650 |a CRISIS ESTRUCTURAL  
650 |a POLITICA ECONOMICA  
999 |c 15372  |d 15372